[Event "Grand Chess Tour 2018"]
[Site "Saint Louis"]
[Date "15.08.2018"]
[Round "13B"]
[White "Grischuk,A"]
[Black "So,W"]
[Result "0-1"]
[WhiteElo "2766"]
[BlackElo "2780"]
[EventDate "2018.08.11"]

1. c4 c5 2. Nf3 Nc6 3. Nc3 g6 4. e3 Nf6 5. d4 cxd4 6. exd4 d5 7. cxd5 Nxd5
8. Qb3 Nxc3 9. Bc4 e6 10. bxc3 Bd7 11. Bd3 Na5 12. Qb1 Bg7 13. h4 Rc8 14.
h5 Bc6 15. Ng5 Bxg2 16. hxg6 Bxh1 17. gxf7+ Kd7 18. Qb4 Qb6 19. Qa4+ Bc6
20. Qd1 Bf6 21. Rb1 Qc7 22. Nxe6 Kxe6 23. Qg4+ Kxf7 24. Qh5+ Ke7 25. Ba3+
Kd8 26. Kf1 b6 27. d5 Qe5 28. Qh6 Bxd5 29. Re1 Bg2+ 30. Kxg2 Qg5+ 31. Qxg5
Bxg5 32. Re5 Bf6 33. Rd5+ Kc7 34. Bd6+ Kb7 35. Be4 Nc6 36. Rf5 Bxc3 37.
Rf7+ Ka6 38. a4 Rhg8+ 39. Kf1 Rg7 40. Bd3+ Ka5 41. Rf4 Be5 42. Rf5 Rd7 43.
Bxe5 Nxe5 44. Rxe5+ Rc5 45. Re3 Kxa4 46. f4 Rf7 47. Rf3 a5 48. f5 Kb4 49.
Ke2 a4 50. Rf1 Ka5 51. Ke3 b5 52. Kd4 Rc6 53. Be4 Rc4+ 54. Ke5 Re7+ 0-1

[Event "Grand Chess Tour 2018"]
[Site "Saint Louis"]
[Date "15.08.2018"]
[Round "14B"]
[White "Caruana,F"]
[Black "Anand,V"]
[Result "1-0"]
[WhiteElo "2822"]
[BlackElo "2768"]
[EventDate "2018.08.11"]

1. c4 Nf6 2. Nc3 e6 3. e4 d5 4. e5 d4 5. exf6 dxc3 6. bxc3 Qxf6 7. Bd3 Bd7
8. Nf3 Bc6 9. Be2 Bd6 10. d4 b6 11. O-O O-O 12. Bg5 Qg6 13. Qd2 h6 14. Bf4
Nd7 15. Bg3 Nf6 16. Bd3 Be4 17. Bxe4 Nxe4 18. Qe3 Nxg3 19. hxg3 Qf5 20. a4
c5 21. a5 Rac8 22. axb6 axb6 23. Rfc1 Ra8 24. Rab1 Ra6 25. Rd1 Rfa8 26. d5
Re8 27. Rb2 Qg4 28. Qe2 Re7 29. Qf1 e5 30. Nh2 Qg6 31. Qe2 e4 32. Nf1 f5
33. Ne3 h5 34. Rdb1 Be5 35. d6 Rd7 36. Rxb6 Rxb6 37. Rxb6 Rxd6 38. Rxd6
Bxd6 39. Qd1 f4 40. gxf4 Bxf4 41. Qd5+ Qf7 42. Qxe4 Bxe3 43. Qxe3 Qf5 44.
Qd2 Kh7 45. Qd5 Qg4 46. Qxc5 h4 47. Qd4 Qg5 48. c5 h3 49. Qd3+ Kg8 50. Qxh3
Qxc5 51. Qe6+ Kh7 52. Qe4+ g6 53. c4 Qd6 54. g3 1-0

[Event "Grand Chess Tour 2018"]
[Site "Saint Louis"]
[Date "15.08.2018"]
[Round "14B"]
[White "So,W"]
[Black "Dominguez Perez,L"]
[Result "1/2-1/2"]
[WhiteElo "2780"]
[BlackElo "2739"]
[EventDate "2018.08.11"]

1. b3 d5 2. Bb2 Nf6 3. Nf3 e6 4. e3 Be7 5. g4 O-O 6. g5 Ne4 7. h4 c5 8. c4
Nc6 9. d3 Qa5+ 10. Nbd2 Nc3 11. Qc2 d4 12. a3 e5 13. Bxc3 dxc3 14. Ne4 Bg4
15. Nh2 Be6 16. Qxc3 Qc7 17. Nf3 Rad8 18. Bh3 Bxh3 19. Rxh3 Qd7 20. Rh1
Qxd3 21. Qxd3 Rxd3 22. Rb1 f5 23. gxf6 gxf6 24. Ke2 Rfd8 25. Rhd1 Rxd1 26.
Rxd1 Rxd1 27. Kxd1 Kf7 28. Ng3 Ke6 29. e4 Bf8 30. Nf5 Ne7 31. Ne3 Bh6 32.
Nd5 Nc6 33. Nc7+ Kd7 34. Nd5 Ke6 35. Nc7+ Kd7 36. Nd5 1/2-1/2

[Event "Grand Chess Tour 2018"]
[Site "Saint Louis"]
[Date "15.08.2018"]
[Round "14B"]
[White "Karjakin,Sergey"]
[Black "Aronian,L"]
[Result "1-0"]
[WhiteElo "2773"]
[BlackElo "2767"]
[EventDate "2018.08.11"]

1. c3 e5 2. d4 exd4 3. cxd4 d5 4. Nc3 c6 5. Bf4 Bd6 6. Bxd6 Qxd6 7. e3 Ne7
8. Bd3 Bf5 9. Nge2 Nd7 10. O-O O-O 11. Nf4 Rfe8 12. Qd2 Nb6 13. b3 a5 14.
a4 Qh6 15. Nce2 Nbc8 16. b4 axb4 17. Qxb4 Qd6 18. Qxb7 Rb8 19. Qa6 g5 20.
Bxf5 Nxf5 21. Nd3 Nb6 22. Ne5 f6 23. Nxc6 Qxc6 24. a5 Nd6 25. axb6 Rxb6 26.
Qd3 Qc4 27. Qxc4 dxc4 28. Nc3 Rb3 29. Rfc1 f5 30. Ra5 h6 31. h4 f4 32. Nd5
Kf7 33. Ra7+ Kf8 34. Ra6 Rd8 35. exf4 Ne4 36. Nc7 Kf7 37. hxg5 hxg5 38. Ne6
Rc8 39. fxg5 c3 40. g6+ Ke7 41. g7 Kf7 42. d5 Nf6 43. Ra7+ Kg8 44. d6 Rb6
45. Rc7 Rxc7 46. dxc7 Rc6 47. Nd4 Rxc7 48. Nb5 Rc5 49. Nxc3 Kxg7 50. Ne2
Re5 51. Nf4 Ra5 52. g3 Ne4 53. Re1 Nd2 54. Kg2 Nc4 55. Re4 Nd6 56. Re7+ Kf8
57. Re6 Nf7 58. Nd3 Rb5 59. Re3 Kg7 60. Nf4 Ra5 61. Rb3 Nd6 62. Ne6+ Kf7
63. Nd4 Ra4 64. Rd3 Kf6 65. f4 Ne4 66. Ne2 Ra2 67. Re3 Nd6 68. Kf3 Nf5 69.
Rd3 Ne7 70. Nc3 Ra5 71. Ne4+ Kf7 72. g4 Ng6 73. Kg3 Ra4 74. Re3 Kf8 75. f5
Ne5 76. Kf4 Nf7 77. Rd3 Ra1 78. g5 Rf1+ 79. Rf3 Rh1 80. Rg3 Rf1+ 81. Rf3
Rh1 82. g6 Rh4+ 83. Ke3 Ne5 84. Rf4 Nc4+ 85. Kf3 Rh6 86. Kg4 Ne5+ 87. Kg5
Rh1 88. Kf6 Nd7+ 89. Ke6 Nb6 90. f6 1-0

[Event "Grand Chess Tour 2018"]
[Site "Saint Louis"]
[Date "15.08.2018"]
[Round "15B"]
[White "Aronian,L"]
[Black "So,W"]
[Result "1-0"]
[WhiteElo "2767"]
[BlackElo "2780"]
[EventDate "2018.08.11"]

1. e4 c5 2. Nf3 d6 3. d4 cxd4 4. Nxd4 Nf6 5. Nc3 a6 6. Be3 e5 7. Nb3 Be6 8.
f3 Nbd7 9. g4 b5 10. g5 b4 11. Ne2 Ng8 12. f4 h6 13. f5 Bc4 14. g6 fxg6 15.
Ng3 Bxf1 16. Rxf1 Ngf6 17. fxg6 Qc7 18. Qd3 Rc8 19. O-O-O Qc4 20. Kb1 Qxd3
21. cxd3 Be7 22. Nf5 Bf8 23. Rc1 Ra8 24. Rc6 d5 25. Re6+ Kd8 26. Na5 d4 27.
Bxh6 gxh6 28. Rc1 Nc5 29. g7 Bxg7 30. Rxc5 Bf8 31. Nb7+ Kd7 32. Rxf6 Bxc5
33. Nxc5+ Kd8 34. Rf7 1-0

[Event "Grand Chess Tour 2018"]
[Site "Saint Louis"]
[Date "15.08.2018"]
[Round "15B"]
[White "Grischuk,A"]
[Black "Anand,V"]
[Result "1/2-1/2"]
[WhiteElo "2766"]
[BlackElo "2768"]
[EventDate "2018.08.11"]

1. c4 Nf6 2. Nc3 e6 3. Nf3 d5 4. d4 Be7 5. Bf4 O-O 6. e3 c5 7. dxc5 Bxc5 8.
cxd5 Nxd5 9. Nxd5 exd5 10. Bd3 Bb4+ 11. Nd2 Nc6 12. O-O Be7 13. Rc1 Qb6 14.
Nb3 g6 15. Qd2 Be6 16. Bb1 Rfd8 17. Nd4 Nxd4 18. exd4 Rdc8 19. a3 Bf6 20.
Be3 Rxc1 21. Rxc1 Rc8 22. Rxc8+ 1/2-1/2

[Event "Grand Chess Tour 2018"]
[Site "Saint Louis"]
[Date "15.08.2018"]
[Round "16B"]
[White "Caruana, Fabiano"]
[Black "Grischuk, Alexander"]
[Result "1/2-1/2"]
[WhiteTitle "GM"]
[BlackTitle "GM"]
[WhiteElo "2822"]
[BlackElo "2766"]
[WhiteFideId "2020009"]
[BlackFideId "4126025"]
[EventDate "2018.08.14"]

1. d4 Nf6 2. Nf3 g6 3. Bg5 Bg7 4. Nbd2 d5 5. e3 O-O 6. c3 c5 7. Bd3 cxd4 8. exd4
Qb6 9. Rb1 Qe6+ 10. Be2 Qb6 11. Bd3 Qe6+ 12. Be3 Ng4 13. Qe2 Nxe3 14. fxe3 Nd7
15. O-O Qb6 16. c4 e5 17. cxd5 exd4 18. e4 Qc7 19. Rbc1 Qf4 20. Kh1 Qe3 21. Nc4
Qxe2 22. Bxe2 Nc5 23. Nd6 d3 24. Rxc5 dxe2 25. Re1 b6 26. Rc2 Ba6 27. b4 Rad8
28. b5 Rxd6 29. bxa6 f5 30. exf5 Rxf5 31. Rexe2 Rfxd5 32. g3 Rc5 33. Kg2 Bf8 34.
Ne5 Re6 35. Nd7 Rxe2+ 36. Rxe2 Ra5 37. Re8 Kf7 38. Rxf8+ Ke7 39. Ra8 Kxd7 40.
Rxa7+ Ke6 41. h4 h5 42. Kf3 Rxa2 43. Ra8 Kf7 44. Ke4 Ra5 45. Kd4 Kg7 46. Ke4 1/2-1/2

[Event "Grand Chess Tour 2018"]
[Site "Saint Louis"]
[Date "15.08.2018"]
[Round "16B"]
[White "Anand, Viswanathan"]
[Black "Dominguez Perez, Leinier"]
[Result "1/2-1/2"]
[WhiteTitle "GM"]
[BlackTitle "GM"]
[WhiteElo "2768"]
[BlackElo "2739"]
[WhiteFideId "5000017"]
[BlackFideId "3503240"]
[EventDate "2018.08.14"]

1. e4 e5 2. Nf3 Nc6 3. Bb5 Nf6 4. d3 Bc5 5. O-O Nd4 6. Ba4 Nxf3+ 7. Qxf3 O-O 8.
Bg5 Be7 9. Nc3 d6 10. Bb3 Be6 11. Qe2 Nd7 12. Bxe7 Qxe7 13. f4 exf4 14. Rxf4 Nc5
15. Raf1 Nxb3 16. axb3 Qg5 17. Qf2 c5 18. Nd5 Qe5 19. Nc7 Rad8 20. Nxe6 Qxe6 21.
Rf5 b6 22. Rd5 f6 23. Qd2 Rfe8 24. b4 Qf7 25. c4 Re5 26. bxc5 bxc5 27. b4 Qc7
28. b5 Rxd5 29. exd5 Re8 30. Ra1 Re5 31. Re1 Qe7 32. Rxe5 Qxe5 33. h3 Qa1+ 34.
Kh2 Qe5+ 35. Kg1 Qa1+ 36. Kh2 Qe5+ 37. Kg1 1/2-1/2

[Event "Grand Chess Tour 2018"]
[Site "Saint Louis"]
[Date "15.08.2018"]
[Round "17B"]
[White "Karjakin,Sergey"]
[Black "Caruana,F"]
[Result "0-1"]
[WhiteElo "2773"]
[BlackElo "2822"]
[EventDate "2018.08.11"]

1. Nf3 d5 2. e3 Nf6 3. c4 c6 4. d4 Bf5 5. Nc3 e6 6. Nh4 Be4 7. f3 Bg6 8.
Qb3 Qc7 9. Bd2 Be7 10. O-O-O dxc4 11. Bxc4 a6 12. Be2 Nbd7 13. Nxg6 hxg6
14. Kb1 c5 15. d5 exd5 16. Nxd5 Nxd5 17. Qxd5 Nf6 18. Qb3 b5 19. e4 c4 20.
Qe3 Rd8 21. e5 Nd5 22. Qe4 O-O 23. Bc1 Qc6 24. h4 Qe6 25. f4 c3 26. a3 cxb2
27. Bxb2 Bxa3 28. Rxd5 Rxd5 29. Bxa3 Rd2 30. Kc1 Qa2 31. Bg4 0-1

[Event "Grand Chess Tour 2018"]
[Site "Saint Louis"]
[Date "15.08.2018"]
[Round "17B"]
[White "Aronian,L"]
[Black "Anand,V"]
[Result "1-0"]
[WhiteElo "2767"]
[BlackElo "2768"]
[EventDate "2018.08.11"]

1. e4 e5 2. Nf3 Nf6 3. Nxe5 d6 4. Nf3 Nxe4 5. Nc3 Nxc3 6. dxc3 Be7 7. Be3
Nd7 8. Qd2 O-O 9. O-O-O c6 10. h4 d5 11. Kb1 Nf6 12. Bd3 Re8 13. Ng5 h6 14.
f3 c5 15. g4 c4 16. Bf1 b5 17. Nh3 b4 18. g5 Nh5 19. Nf4 Ng3 20. Rg1 hxg5
21. hxg5 Nxf1 22. Rdxf1 Bf5 23. Qh2 Bxg5 24. Bd4 b3 25. Nh5 bxc2+ 26. Ka1
Bg6 27. Nxg7 Be3 28. Rh1 1-0

[Event "Grand Chess Tour 2018"]
[Site "Saint Louis"]
[Date "15.08.2018"]
[Round "17B"]
[White "Dominguez Perez,L"]
[Black "Grischuk,A"]
[Result "1/2-1/2"]
[WhiteElo "2739"]
[BlackElo "2766"]
[EventDate "2018.08.11"]

1. e4 c5 2. Nf3 d6 3. d4 cxd4 4. Nxd4 Nf6 5. Nc3 a6 6. h3 e6 7. g4 Nfd7 8.
Bg2 Be7 9. Be3 Nc6 10. h4 O-O 11. g5 Nde5 12. Qe2 Nxd4 13. Bxd4 Nc6 14. Be3
Bd7 15. f4 Rc8 16. O-O f6 17. Rad1 fxg5 18. hxg5 e5 19. Nd5 exf4 20. Nxe7+
Qxe7 21. Bxf4 Ne5 22. Qd2 Bb5 23. Rf2 Rcd8 24. b3 Bc6 25. Qd4 Ng4 26. Bxd6
Rxd6 27. Rxf8+ Qxf8 28. Qxd6 Qf2+ 29. Kh1 Qh4+ 30. Kg1 Qf2+ 1/2-1/2

[Event "Grand Chess Tour 2018"]
[Site "Saint Louis"]
[Date "15.08.2018"]
[Round "18B"]
[White "Caruana,F"]
[Black "Dominguez Perez,L"]
[Result "1/2-1/2"]
[WhiteElo "2822"]
[BlackElo "2739"]
[EventDate "2018.08.11"]

1. d4 d5 2. c4 e6 3. Nf3 Nf6 4. g3 Be7 5. Bg2 O-O 6. O-O dxc4 7. a4 Nc6 8.
a5 Rb8 9. Qc2 Nxd4 10. Nxd4 Qxd4 11. Rd1 Qc5 12. Be3 Qb4 13. Ra4 Qb3 14.
Rxc4 Qxc2 15. Rxc2 Bd6 16. Na3 Bd7 17. Rcc1 b6 18. axb6 axb6 19. Nc4 Ba4
20. Rd2 Bb4 21. Rd3 Bc5 22. Bxc5 bxc5 23. Bf3 Bb5 24. Rd2 Bxc4 1/2-1/2

[Event "Grand Chess Tour 2018"]
[Site "Saint Louis"]
[Date "15.08.2018"]
[Round "18B"]
[White "Grischuk,A"]
[Black "Aronian,L"]
[Result "1-0"]
[WhiteElo "2766"]
[BlackElo "2767"]
[EventDate "2018.08.11"]

1. Nf3 Nf6 2. g3 d5 3. Bg2 Bf5 4. c4 c6 5. O-O e6 6. Qb3 Qb6 7. d3 Nbd7 8.
cxd5 Qxb3 9. axb3 exd5 10. Bd2 Bg4 11. Bc3 Bxf3 12. Bxf3 Bd6 13. b4 O-O 14.
Nd2 a6 15. Nb3 Rab8 16. Rfe1 Rfd8 17. Rad1 Ne8 18. e4 Nc7 19. e5 Bf8 20. d4
Nb6 21. Kg2 Na4 22. Ra1 Nxc3 23. bxc3 f6 24. exf6 gxf6 25. Be2 Re8 26. Bd3
Rxe1 27. Rxe1 Re8 28. Rd1 Re7 29. f4 Ne8 30. Kf3 Nd6 31. g4 Nb5 32. Bxb5
cxb5 33. h4 Rc7 34. Rd3 b6 35. g5 Ra7 36. Na1 a5 37. Nc2 Kf7 38. Kg4 Rc7
39. Kf5 Bd6 40. Na3 Rc6 41. Nxb5 Bf8 42. Rd1 fxg5 43. hxg5 h6 44. bxa5 bxa5
45. Ra1 hxg5 46. fxg5 Be7 47. Rxa5 Rg6 48. Ra7 Rxg5+ 49. Kf4 Rh5 50. Nc7
Kf6 51. Ra6+ Kf7 52. Ra7 Kf6 53. Ra6+ Kf7 54. Rc6 Bd8 55. Na6 Be7 56. Nc7
Bd8 57. Nb5 Be7 58. Kg4 Rg5+ 59. Kf4 Rh5 60. Nc7 Bd8 61. Na6 Be7 62. Nb4
Ke8 63. Nd3 Kd7 64. Ra6 Bd6+ 65. Ne5+ Ke6 66. Kg4 Rh7 67. Nd3 Rg7+ 68. Kf3
Rc7 69. Nf4+ Kd7 70. Nxd5 Rb7 71. Ke4 Rb1 72. Kd3 Rc1 73. Kc4 Rb1 74. Nf6+
Ke7 75. Ne4 Bf4 76. Ra7+ Ke6 77. Nc5+ Kf6 78. Rb7 Ra1 79. Nd3 Bd6 80. Rb6
Ke7 81. Nc5 Bg3 82. Rg6 Bf4 83. Nd3 Bd6 84. Nb4 Kd7 85. Nd5 Ra5 86. Rg7+
Kc8 87. Nb6+ Kb8 88. Nd5 Bh2 89. Nb4 Rh5 90. Nc6+ Kc8 91. Ne7+ Kb8 92. Nd5
Bd6 93. Rd7 Bh2 94. Kc5 Kc8 95. Rf7 Rh6 96. Nb6+ Kd8 97. Rd7+ Ke8 98. Rb7
Bd6+ 99. Kb5 Rh5+ 100. Kc6 Ba3 101. Nc4 Bc1 102. Nd6+ Kf8 103. Rf7+ Kg8
104. Rf3 Ra5 105. c4 Ra6+ 106. Kd5 Bb2 107. c5 Ra8 108. Rf4 Rd8 109. Kc6
Ra8 110. d5 Be5 111. Rf5 Bd4 112. Kb5 Ra1 113. Ne4 Re1 114. Rf4 Be3 115.
Rg4+ Kf7 116. Nd6+ Kf8 117. Re4 Rb1+ 118. Kc6 Bg1 119. Nc4 Rb8 120. Nd6 Rb1
121. Nb7 Rc1 122. d6 1-0

[Event "Grand Chess Tour 2018"]
[Site "Saint Louis"]
[Date "15.08.2018"]
[Round "18B"]
[White "Nakamura,Hi"]
[Black "Vachier Lagrave,M"]
[Result "0-1"]
[WhiteElo "2777"]
[BlackElo "2779"]
[EventDate "2018.08.11"]

1. e4 c5 2. Nf3 d6 3. Bb5+ Nd7 4. d4 cxd4 5. Qxd4 Ngf6 6. O-O a6 7. Be2 g6
8. c4 Bg7 9. Nc3 O-O 10. Qe3 b6 11. Rd1 Bb7 12. Ng5 Qc7 13. f3 Rac8 14. Bd2
e6 15. Rac1 Rfe8 16. Qf2 Qb8 17. Bf4 Bf8 18. Nh3 Red8 19. Be3 d5 20. cxd5
exd5 21. exd5 b5 22. a3 Bd6 23. Kh1 Re8 24. Ba7 Qa8 25. Bd4 Nxd5 26. Ne4
Be7 27. Bf1 Rxc1 28. Rxc1 Qd8 29. Rd1 Qc7 30. Qd2 N5f6 31. Nhf2 Nxe4 32.
Nxe4 Bxe4 33. fxe4 Bf6 34. Bf2 Ne5 35. Qd6 Qxd6 36. Rxd6 Ng4 37. Bg3 Bxb2
38. Rxa6 Rxe4 39. h3 Re3 40. Bh4 Nh6 41. Bg5 Re1 42. Bxh6 Rxf1+ 43. Kh2
Be5+ 44. g3 f6 45. Kg2 Ra1 46. Ra7 f5 47. Bf4 Ra2+ 48. Kf3 Bd4 49. Ra8+ Kf7
50. Be3 Bxe3 51. Kxe3 b4 52. a4 Ra3+ 53. Kf2 Ke6 54. a5 Kd5 55. a6 Kc4 56.
Ke2 Kb3 57. Kd2 Ka2 58. Rb8 b3 59. Rb6 Kb2 60. h4 Kb1 61. Rb7 b2 62. a7 h6
0-1

[Event "Grand Chess Tour 2018"]
[Site "Saint Louis"]
[Date "15.08.2018"]
[Round "18B"]
[White "So,W"]
[Black "Karjakin,Sergey"]
[Result "0-1"]
[WhiteElo "2780"]
[BlackElo "2773"]
[EventDate "2018.08.11"]

1. Nf3 d5 2. b3 Nf6 3. Bb2 e6 4. e3 Be7 5. g4 O-O 6. g5 Ne4 7. h4 c5 8. c4
Nc6 9. d3 Nd6 10. Nbd2 b6 11. Bg2 Bb7 12. a3 Qc7 13. cxd5 exd5 14. d4 Nf5
15. Qc2 Bc8 16. O-O Be6 17. dxc5 bxc5 18. b4 cxb4 19. axb4 Bxb4 20. e4 dxe4
21. Nxe4 Rfc8 22. Ne5 Nxe5 23. Qxc7 Rxc7 24. Bxe5 Rc2 25. Ng3 Re8 26. Be4
Nxg3 27. Bxg3 Rc4 28. Bd3 Rc3 29. Bb5 Rd8 30. Rfd1 Rxd1+ 31. Rxd1 Rc8 32.
Ba6 Re8 33. Bb5 Rf8 34. Ba6 Bc8 35. Ra1 Bxa6 36. Rxa6 Bc5 37. Bf4 f6 38.
Be3 Bxe3 39. fxe3 fxg5 40. hxg5 Rf5 41. Rxa7 Rxg5+ 42. Kf2 Rf5+ 43. Kg3 g6
44. e4 Rf7 45. Ra4 Kg7 46. Kg4 Kf6 47. Ra5 Kg7 48. Ra6 Re7 49. Kf4 h5 50.
e5 Rf7+ 51. Ke4 Rf1 52. Ra7+ Kh6 53. e6 Re1+ 54. Kd5 h4 55. e7 h3 56. Ra3
Rxe7 57. Rxh3+ Kg5 58. Rh1 Re3 59. Rg1+ Kf5 60. Kd4 Rf3 61. Rh1 g5 62. Rh8
Kf4 63. Rf8+ 0-1